Durable disorder : (Record no. 4967)

MARC details
000 -LEADER
fixed length control field 00666 a2200181 4500
010 ## - LCCN (DPL NO)
LC control number ENG-86595
020 ## - INTERNATIONAL STANDARD BOOK NUMBER
International Standard Book Number 9780195690828
Terms of availability 295.00
035 ## - SYSTEM CONTROL NUMBER
System control number EN-70128
037 ## - SOURCE OF ACQUISITION
Source of stock number/acquisition DBAD / PUB
082 14 - DEWEY DECIMAL CLASSIFICATION NUMBER
Classification number 320.9545
100 1# - MAIN ENTRY--PERSONAL NAME
Personal name Baruah, Sanjib
245 1# - TITLE STATEMENT
Title Durable disorder :
Statement of responsibility, etc by Sanjib Baruah
Remainder of title understanding the politics of northeast India /
260 ## - PUBLICATION, DISTRIBUTION, ETC. (IMPRINT)
Place of publication, distribution, etc New Delhi
Name of publisher, distributor, etc Oxford University Press
Date of publication, distribution, etc 2007
270 ## - ADDRESS
Address YMCA Library Building, Jai Singh Road
City New Delhi
Postal code 110 001
300 ## - PHYSICAL DESCRIPTION
Extent xix, 265p
Dimensions 21cm (pbk)
500 ## - GENERAL NOTE
General note HB of the same book recd. on 2.6.2005 and includes bibliographical references and index
942 ## - ADDED ENTRY ELEMENTS (KOHA)
Institution code [OBSOLETE] dpl
Item type English Books
Source of classification or shelving scheme Dewey Decimal Classification
Classification part 320.9545
Call number suffix BAR
Holdings
Withdrawn status Lost status Not for loan Collection code Home library Current library Source of acquisition Cost, normal purchase price Full call number Barcode Copy number Cost, replacement price Koha item type
    Not For Loan Non-fiction D.B.Act.Division D.B.Act.Division DBAD/PUB 295.00 320.9545 BAR EN-70128 1 295.00 English Books

© Delhi Public Library
Hit Counter
free hit counter